| 000 | 01455cam a22004334a 4500 | ||
|---|---|---|---|
| 001 | muse84808 | ||
| 003 | MdBmJHUP | ||
| 005 | 20210127151610.0 | ||
| 006 | m o d | ||
| 007 | cr||||||||nn|n | ||
| 008 | 910620s1990 mx o 00 0 spa d | ||
| 010 | _z 91164234 | ||
| 020 | _a9786076288894 | ||
| 020 | _z968120431X | ||
| 020 | _z9789681204310 | ||
| 035 | _a(OCoLC)1151437037 | ||
| 040 |
_aMdBmJHUP _cMdBmJHUP |
||
| 043 | _acl----- | ||
| 050 | 0 | 4 |
_aPQ7082.P7 _bD5 1990 |
| 082 | 0 |
_a861/.0440898 _220 |
|
| 100 | 1 | _aDíaz Roig, Mercedes. | |
| 245 | 1 | 0 |
_aRomancero tradicional de América _cMercedes Díaz Roig. |
| 250 | _a1. ed. | ||
| 264 | 1 | _bColegio de Mexico, Centro de Estudios Lingüísticos y Literarios, | |
| 264 | 3 | _bProject MUSE, | |
| 300 | _a1 online resource (328 p.) | ||
| 504 | _aIncludes bibliographical references (p. 265-285) and indexes. | ||
| 506 | 0 |
_aOpen Access _fUnrestricted online access _2star |
|
| 588 | _aDescription based on print version record. | ||
| 650 | 0 |
_aBallads, Spanish _zLatin America. |
|
| 655 | 7 |
_aElectronic books. _2local |
|
| 710 | 2 |
_aProject Muse. _edistributor |
|
| 830 | 0 | _aBook collections on Project MUSE. | |
| 856 | 4 | 0 |
_zFull text available: _uhttps://muse.jhu.edu/book/74547/ |
| 999 |
_c26357 _d26357 |
||